Mayors of Chicago - Statistics

General Stats
  • This quiz has been taken 4 times
  • The average score is 7 of 59
Answer Stats
Years Served Party Mayor % Correct
2023 - Present Democrat Brandon Johnson
100%
1989 - 2011 Democrat Richard M. Daley
100%
1983 - 1987 Democrat Harold Washington
75%
2019 - 2023 Democrat Lori Lightfoot
75%
2011 - 2019 Democrat Rahm Emanuel
75%
1955 - 1976 Democrat Richard J. Daley
75%
1931 - 1933 Democrat Anton Cermak
25%
1879 - 1887 Democrat Carter Harrison III
25%
1893 Democrat Carter Harrison III
25%
1897 - 1905 Democrat Carter Harrison IV
25%
1911 - 1915 Democrat Carter Harrison IV
25%
1979 - 1983 Democrat Jane Byrne
25%
1840 - 1841 Democrat Alexander Loyd
0%
1844 - 1845 Independent Democrat Alson Sherman
0%
1843 - 1844 Democrat Augustus Garrett
0%
1845 - 1846 Democrat Augustus Garrett
0%
1839 - 1840 Whig Benjamin Wright Raymond
0%
1842 - 1843 Whig Benjamin Wright Raymond
0%
1838 - 1839 Whig Buckner Stith Morris
0%
1843 - 1854 Democrat Charles McNeill Gray
0%
1987 Democrat David Orr
0%
1889 - 1891 Democrat DeWitt Clinton Cregier
0%
1905 - 1907 Democrat Edward Fitzsimmons Dunne
0%
1933 - 1947 Democrat Edward Joseph Kelly
0%
1987 - 1989 Democrat Eugene Sawyer
0%
1841 - 1842 Democrat Francis Cornwall Sherman
0%
1862 - 1865 Democrat Francis Cornwall Sherman
0%
1933 Democrat Frank J. Corr
0%
1907 - 1911 Republican Fred A. Busse
0%
1893 Republican George Bell Swift
0%
1895 - 1897 Republican George Bell Swift
0%
1872 - 1876 People's Harvey Doolittle Colvin
0%
1891 - 1893 Republican Hempstead Washburne
0%
1854 - 1855 Democrat Isaac Lawrence Milliken
0%
1847 - 1848 Democrat James Curtiss
0%
1850 - 1851 Democrat James Curtiss
0%
1848 - 1850 Independent Democrat James Hutchinson Woodworth
0%
1887 - 1889 Republican John A. Roche
0%
1865 - 1869 Republican John Blake Rice
0%
1858 - 1860 Republican John Charles Haines
0%
1893 - 1895 Democrat John Patrick Hopkins
0%
1846 - 1847 Whig John Putnam Chapin
0%
1857 - 1858 Republican John Wentworth
0%
1860 - 1861 Democrat John Wentworth
0%
1871 - 1873 Republican Joseph Medill
0%
1861 - 1862 Republican Julian Sidney Rumsey
0%
(Acting) 1873 Republican Lester L. Bond
0%
1855 - 1856 American Levi Boone
0%
1947 - 1955 Democrat Martin H. Kennelly
0%
1976 - 1979 Democrat Michael A. Bilandic
0%
1875 - 1879 Republican Monroe Heath
0%
1869 - 1871 Citizens Roswell B. Mason
0%
1856 - 1857 Democrat Thomas Dyer
0%
Annulled Independent Democrat Thomas Hoyne
0%
1851 - 1853 Democrat Walter S. Gurnee
0%
1837 - 1838 Democrat William B. Ogden
0%
1923 - 1927 Democrat William Emmett Dever
0%
1915 - 1923 Republican William Hale Thompson
0%
1927 - 1931 Republican William Hale Thompson
0%
No matching quizzes found
Score Distribution
Percent of People with Each Score
Percentile by Number Answered
Your Score History
You have not taken this quiz